Startup ako moderný podnikateľský fenomén
Užitočnosť startupov v ich potenciálne vysokom príspevku k hospodárskemu rastu. Vlastnosti a charakteristika startupov. Zlyhávanie startupov a jeho príčiny. Podnikateľský model startupu. Financovanie startupu. Investície od investorov s rizikovým kapitálom. Startupový ekosystém. Piliere podnikateľsk...
Saved in:
| Main Author: | |
|---|---|
| Format: | Book Chapter |
| Language: | Slovak |
| Subjects: | |
| Tags: |
No Tags, Be the first to tag this record!
|
MARC
| LEADER | 00000nla a2200000 4500 | ||
|---|---|---|---|
| 001 | 0224216 | ||
| 005 | 20240502073654.4 | ||
| 041 | 0 | |a slo | |
| 044 | |a SK | ||
| 245 | 1 | 0 | |a Startup ako moderný podnikateľský fenomén |c Štefan Slávik |
| 520 | |a Užitočnosť startupov v ich potenciálne vysokom príspevku k hospodárskemu rastu. Vlastnosti a charakteristika startupov. Zlyhávanie startupov a jeho príčiny. Podnikateľský model startupu. Financovanie startupu. Investície od investorov s rizikovým kapitálom. Startupový ekosystém. Piliere podnikateľského ekosystému. Startupová scéna na Slovensku. | ||
| 610 | 2 | 0 | |a start-up |
| 610 | 2 | 0 | |a podnikanie |
| 610 | 2 | 0 | |a modely podnikateľské |
| 610 | 2 | 0 | |a technológie nové |
| 610 | 2 | 0 | |a financovanie |
| 610 | 2 | 0 | |a financie |
| 610 | 2 | 0 | |a kapitál rizikový |
| 610 | 2 | 0 | |a dopyt |
| 610 | 2 | 0 | |a konkurencia |
| 610 | 2 | 0 | |a Slovensko |
| 100 | 1 | |a Slávik, Štefan, 1955- | |